00941nam a2200241 a 4500001001000000005001700010008004100027020001500068041000800083044000600091050002100097100001900118245008400137260006100221300004200282500013900324504003100463600004500494650004100539651006300580710002600643710003000669BRCA_470420190320204754.0870528s1987 u--a#####c---#001-0#eng-# a093153707X aeng au 4aND237b.Q53 19871 aQuick, Michael10aAn American Painter AbroadbFrank Duveneck´s European Yearscby Michael Quick. aEstados Unidos de AméricabCincinnati Art Museumc1987 a108 p.bil. (algunas a color)c26 cm. aIncluye índice de obra, índice de prestamistas de piezas para la exposición, lista de verificación y créditos fotográficos aBibliografía: p. 101-10214aDuveneck, Frankd1848-1919vExposiciones14aDuveneck, FrankvCatálogosxViajes 4aEstados UnidosvExposicionesxCrítica e interpretación2 aCincinnati Art Museum2 aArt Academy of Cincinnati